They Don’t Care About Us - Michael Jackson - All Lyrics - Statistics

General Stats
  • This quiz has been taken 239 times
  • The average score is 394 of 539
Answer Stats
Answer % Correct
a
99%
do
97%
I
97%
the
97%
The
97%
about
96%
about-,
96%
care
96%
don't
96%
Don't
96%
They
96%
they
96%
us
96%
us,
96%
All
95%
oh,
95%
really
94%
say
94%
is
92%
that
92%
to
91%
wanna
88%
want
87%
he
84%
me,
84%
me
84%
me?
84%
be,
79%
be
79%
k**e
78%
yeah,
77%
yeah
77%
who
76%
you
76%
you,
76%
You
76%
everybody
75%
everybody,
75%
dead
72%
dead,
72%
no,
72%
no
72%
No,
72%
Skinhead,
71%
In
68%
in
68%
on
68%
this
68%
can
65%
gone
65%
head,
65%
let
62%
never
62%
bad
61%
if
61%
was
61%
And
59%
and
59%
But
59%
wouldn't
59%
it
58%
j**
58%
livin',
58%
of
58%
"Black
56%
Black
56%
Kick
56%
kick
56%
news,
56%
mad
55%
what
55%
Beat
54%
kill
54%
man,
54%
Martin
54%
or
54%
see
54%
allegation
53%
hate
53%
love
53%
Luther
53%
white"
52%
have
51%
life?
51%
life,
51%
my
51%
am
50%
Am
50%
sit
50%
Situation,
49%
dog
48%
children
47%
I'm
47%
sue
47%
victim
47%
food
46%
know,
46%
Roosevelt
46%
break
45%
police
45%
tell
45%
has
44%
shot
44%
become
42%
brutality
42%
just
42%
with
42%
aggravation,
41%
government
41%
thrill
41%
Your
41%
right
40%
Bang,
39%
bang,
39%
suit,
39%
wife
39%
Will
39%
Some
38%
tired
37%
two
37%
You're
36%
being
35%
for
35%
name
35%
can't
34%
free
34%
from
34%
get
34%
shame
34%
throw
34%
came
33%
now
33%
everybody's
32%
Hit
32%
set
32%
brother
31%
bash
30%
'cause
30%
class
30%
its
30%
jail
30%
speculation,
30%
things
30%
trash
30%
which
30%
God's
29%
land
28%
sake
28%
wrong
28%
pride,
26%
believe
24%
prophecy,
24%
They're
23%
fulfill
22%
ignore
22%
off
22%
throwing
22%
(We're
22%
We're
22%
litigation
21%
rights?
21%
invisible
20%
liberty,
20%
look
20%
back
19%
segregation,
19%
here
18%
blackmail,
17%
Heaven
15%
ripping
14%
Trepidation,
14%
proclamation
13%
promised
13%
remind
13%
fire)
11%
fire
11%
deep
9%
watch
9%
beatin'
6%
No matching quizzes found
Score Distribution
Percent of People with Each Score
Percentile by Number Answered
Your Score History
You have not taken this quiz